| LEADER | 00727nam a22002057a 4500 | ||
|---|---|---|---|
| 001 | NCT_117590 | ||
| 008 | 220427b xxu||||| |||| 00| 0 vie d | ||
| 999 | |c 6006 |d 6006 | ||
| 022 | |a 1859-1922 | ||
| 041 | |a vie | ||
| 082 | 0 | 4 | |2 23rd ed. |a 615 |b Th514V |
| 245 | 0 | 0 | |a Thuốc và sức khỏe |n Số 612-613 |c Hội Dược học Việt Nam |
| 260 | |a H. |b Hội Dược học Việt Nam |c 2019 | ||
| 300 | |c 27cm | ||
| 310 | |a Hàng tháng | ||
| 362 | |a 15/01 & 01/02/2019 | ||
| 655 | |a Tạp chí | ||
| 942 | |2 ddc |c CR | ||
| 952 | |0 0 |1 0 |2 ddc |4 0 |6 615_000000000000000_TH514V |7 0 |9 23515 |a 000001 |b 000001 |d 2022-05-05 |o 615 Th514V |r 2022-05-05 |w 2022-05-05 |y CR | ||
| 980 | |a Thư viện Trường Đại học Nam Cần Thơ | ||